Consejos a las niñas.

Gespeichert in:
Bibliographische Detailangaben
1. Verfasser: García de los Santos, Benito Autor
Format: keine Angabe
Sprache:Spanisch
Erschienen: Madrid Gómez Fuentenebro 1876
Ausgabe:14ª
Katalog:MANES:  Suchergebnis im Bibliothekskatalog
Schulbuchspezifische Eigenschaften:
Tags: Tag hinzufügen
Keine Tags, Fügen Sie den ersten Tag hinzu!
Hinzugefügt zu:26.04.2016
Geändert in:15.12.2025

MARC

LEADER 000000000a22000000004500
001 10777
003 OSt
005 20251215163430.0
008 160427s sp ||||| |||| 00| 0 spa d
041 1 |s pa 
040 |c centro_manes 
691 7 |a PRI 
100 1 |a García de los Santos, Benito  |b Autor  |9 2400 
245 0 0 |a Consejos a las niñas. 
250 |a 14ª 
260 3 |a Madrid  |b  Gómez Fuentenebro  |c 1876 
300 |a 111 p.  |c 15,5 x 10,5 cm 
500 |a Encuadernado en Rústica. Aprobada por el C.I.P. Indice: La memoria de una madre. El candor de la inocencia. El triunfo de la humildad. El gozo en las privaciones. El perdón de una ofensa. Una tarde de paseo. El traje de sociedad. La virtud recompensada. 
690 0 |a CN  |a ECS 
942 |2 ddc  |c BK 
546 |a España 
999 |c 16751  |d 16751 
999 |c manes:16751  |d 16751